|
|
|
|
| LEADER |
00000cam a2200000 7i4500 |
| 001 |
0000002749 |
| 005 |
20040105.0 |
| 020 |
0 |
0 |
|a 0875844103
|
| 090 |
0 |
0 |
|a 363.706
|b CAI 1993
|
| 100 |
1 |
0 |
|a CAIRNCROSS
|h Frances
|
| 245 |
1 |
0 |
|a Costing the earth :
|b the challenge for governments, the opportunies for business
|c Frances Cairncross
|
| 260 |
0 |
0 |
|a Boston :
|b Harvard Business School Press ,
|c 1993
|
| 300 |
|
|
|a xxvi, 341 p. :
|b ill. ;
|c 23 cm.
|
| 500 |
0 |
0 |
|a Bibliography : p.319-326
|
| 650 |
0 |
0 |
|a Environmental policy
|
| 650 |
0 |
0 |
|a Green marketing
|
| 650 |
0 |
0 |
|a Marketing
|x Social aspects
|
| 650 |
0 |
0 |
|a Social responsibility of business
|
| 998 |
|
|
|a JPSM
|
| 999 |
|
|
|a 0000004432
|b Monograph
|c Open Shelf
|e Default branch
|